000 02114cam a22004934i 4500
003 PE-LiUPU
005 20250731173420.0
008 150706s2008 ag r 000 0 spa d
020 _a9780758615848
035 _a(Sirsi) i9780758615848
040 _aPE-LiUPU
_bspa
_cPE-LiUPU
_erda
049 _aPRUA
082 0 4 _a220.601
_bL98
_221
100 1 _aLutero, Martín,
_d1483-1546,
_eautor.
_91490
245 1 0 _aMartín Lutero Intérprete bíblico :
_bhermenéutica y exégesis /
_cMartín Lutero.
264 1 _aBuenos Aires :
_bEditorial Concordia,
_c2008.
300 _a452 páginas ;
_c23 centímetros
336 _atext
_2rdacontent
337 _aunmediated
_2rdamedia
338 _avolume
_2rdacarrier
505 0 _aLutero como hermeneuta -- Estudio preliminar -- El arte de traducir: carta abierta (1530) -- Lo que se debe buscar en los evangelios (1521) -- Prefacios a los libros de la Biblia (1522-1541) -- Lutero como exégeta -- Estudio preliminar -- Salmos consolatorios (1526) -- Salmos penitenciales (1525) -- El sublime confitemini (1530) -- El magnificat (1521) -- Citas del Antiguo Testamento -- Citas del Nuevo Testamento.
526 _aSEG42
526 _aSEG41
526 _aSEG40
526 _aSEG39
526 _aP94
526 _aP87
526 _aP86
526 _aP85
526 _aP77
526 _aP76
526 _aP35
541 _g001-0000583;
600 1 _aLutero, Martín.
_d1483-1546.
_91490
650 0 4 _aHermenéutica bíblica.
700 1 _aWitthaus, Carlos,
_eeditor.
710 2 _aComisión editora de las obras de Martín Lutero
910 _agl
_cjck
_d20120610
942 _2ddc
_cBOOK
949 _a220.601 L98
_wDEWEY
_c1
_i64922
_lCCODEBUL1
_mBUL
_p22.00
_r0
_sY
_tBOOK
_u2015-7-6
_xTEOLOGIA
_PP35
_o.STAFF. Colección General
994 _aC0
_bPEPRU
596 _a1
999 _a220.601 L98
_wDEWEY
_c53629
_i64922
_d53629
_e2016-5-16
_f2021-11-9
_g5
_lCCODEBUL1
_mBUL
_n3
_p22.00
_q1
_r0
_sY
_tBOOK
_u2015-7-6
_xTEOLOGIA
_PP35
_0COMPRA
_o.STAFF. Colección Teología
980 _81
_gALBERTO SANCHEZ Responsable de Automatización